Fighting vehicles / (Record no. 549992)

000 -LEADER
fixed length control field 00703pam a2200205 a 4500
020 ## - INTERNATIONAL STANDARD BOOK NUMBER
International Standard Book Number 0080367046 (flexi cover) :
020 ## - INTERNATIONAL STANDARD BOOK NUMBER
International Standard Book Number 0080367054 (hard cover) :
082 00 - DEWEY DECIMAL CLASSIFICATION NUMBER
Classification number 358.18
Author Mark TER
-- L-30, P-66
245 10 - TITLE STATEMENT
Title Fighting vehicles /
Statement of responsibility, etc. T.W. Terry ... [et al.].
250 ## - EDITION STATEMENT
Edition statement 1st ed.
260 ## - PUBLICATION, DISTRIBUTION, ETC.
Place of publication, distribution, etc. London ;
-- Washington, [D.C.] :
Name of publisher, distributor, etc. Brassey's (UK) ;
Place of publication, distribution, etc. Riverside. N.J. :
Name of publisher, distributor, etc. Brassey's (US) [distributor],
Date of publication, distribution, etc. 1991.
300 ## - PHYSICAL DESCRIPTION
Extent xviii, 315 p. :
Other physical details ill. ;
Dimensions 26 cm.
500 ## - GENERAL NOTE
General note Includes index.
526 ## - STUDY PROGRAM INFORMATION NOTE
Program name 0
Interest level 0
Reading level 0
Title point value 358_180000000000000_TER
650 #0 - SUBJECT ADDED ENTRY--TOPICAL TERM
Topical term or geographic name entry element Armored vehicles, Military.
9 (RLIN) 46747
650 #0 - SUBJECT ADDED ENTRY--TOPICAL TERM
Topical term or geographic name entry element MCE
9 (RLIN) 379
650 #0 - SUBJECT ADDED ENTRY--TOPICAL TERM
Topical term or geographic name entry element Tanks (Military science)
9 (RLIN) 46748
700 1# - ADDED ENTRY--PERSONAL NAME
Personal name Terry, T. W.
9 (RLIN) 46749
942 ## - ADDED ENTRY ELEMENTS (KOHA)
Source of classification or shelving scheme
Koha item type Book
Holdings
Withdrawn status Lost status Source of classification or shelving scheme Damaged status Not for loan Permanent Location Current Location Date acquired Total Checkouts Full call number Barcode Date last seen Price effective from Koha item type
          Military College of Engineering (MCE) Military College of Engineering (MCE) 10/17/2014   358.18 TER MCE-28537 10/17/2014 10/17/2014 Book
© 2023 Central Library, National University of Sciences and Technology. All Rights Reserved.